La ejecución civil privada (Registro nro. 159196)
[ vista simple ]
| 000 -LEADER | |
|---|---|
| fixed length control field | 01192ny a22002773n 4500 |
| 008 - FIXED-LENGTH DATA ELEMENTS--GENERAL INFORMATION | |
| fixed length control field | 090525s2009 sp r 000 0 spa d |
| 017 ## - | |
| -- | B-50029-2008 |
| 020 ## - INTERNATIONAL STANDARD BOOK NUMBER | |
| International Standard Book Number | 9788476988336 |
| 035 ## - | |
| -- | 3352 |
| 040 ## - CATALOGING SOURCE | |
| Original cataloging agency | NoBUC-SpMaBN |
| Transcribing agency | SpMaBN |
| Modifying agency | vLex |
| 080 ## - | |
| -- | 347.91/.95(460) |
| 080 ## - | |
| -- | 347.952(460) |
| 090 ## - | |
| -- | 676 |
| -- | 676 |
| 100 1# - MAIN ENTRY--PERSONAL NAME | |
| Personal name | Cerrato Guri, Elisabet |
| 245 13 - TITLE STATEMENT | |
| Title | La ejecución civil privada |
| Medium | [Recurso electrónico] |
| Remainder of title | realización por persona o entidad especializada : estudio del artículo 641 LEC / |
| Statement of responsibility, etc | Elisabet Cerrato Guri ; prólogo de Joan Picó i Junoy |
| 256 ## - | |
| -- | Servicio en línea |
| 260 ## - PUBLICATION, DISTRIBUTION, ETC. (IMPRINT) | |
| Place of publication, distribution, etc | Barcelona : |
| Name of publisher, distributor, etc | Bosch, |
| Date of publication, distribution, etc | 2008 |
| 504 ## - BIBLIOGRAPHY, ETC. NOTE | |
| Bibliography, etc | Bibliogr. |
| 506 1# - RESTRICTIONS ON ACCESS NOTE | |
| Terms governing access | Contenido solo disponible en los productos indicados |
| Authorized users | vLex Global |
| -- | vLex Global (Academic Edition, excluding Law Schools) |
| -- | vLex Global (U.S. Academic Edition, Law Schools) |
| -- | vLex Global (U.S. Academic Edition, excluding Law Schools) |
| -- | vLex Global (Academic Edition, Law Schools) |
| 650 07 - SUBJECT ADDED ENTRY--TOPICAL TERM | |
| Topical term or geographic name as entry element | Subasta |
| Source of heading or term | Tesauro vLex |
| 700 1# - ADDED ENTRY--PERSONAL NAME | |
| Personal name | Picó i Junoy, Joan, |
| Relator term | pr. |
| 740 0# - | |
| -- | vLex Libros (Servicios en línea) |
| 856 40 - LOCALIZACIÓN Y ACCESO ELECTRÓNICO | |
| Identificador Uniforme del Recurso (URI/URL) | https://app.vlex.com/#/sources/3352 |
| 942 ## - | |
| -- | RAA |
| 999 ## - | |
| -- | 159196 |
| -- | 159196 |
No hay ítems disponibles.